000 01532nam a2200385Ia 4500
005 20140903174319.0
008 130821s2011 ck ao gr spa
020 _a9789587310689
040 _aCo-BoUCM
_bspa
_cJose A. Gerena (modificó)
_d[Nuevo]
041 0 0 _aspa
245 0 0 _aResponsabilidad civil, derecho de seguros y filosofía del derecho estudios
_cFrancois Chabas ...[y otros autores]
_bhomenaje a Javier Tamayo Jaramillo
260 _aBogotá (Colombia)
_bDike
_c2011
300 _a2 volúmenes
_bfotografías
490 0 _aBiblioteca jurídica Dike
504 _aIncluye referencias bibliográficas
600 _aTamayo Jaramillo, Javier
_92987
650 7 _aDerecho de seguros
_912749
650 7 _aDerecho privado
_912819
650 7 _aFilosofía del derecho
_915792
650 7 _aResponsabilidad civil
_923668
650 7 _aResponsabilidad contractual
_923672
650 7 _aResponsabilidad extracontractual
_923678
690 _942766
_aDerecho civil
690 _942779
_aDerecho privado
700 1 _aChabas, Francois
_960419
700 1 _aDomínguez Hidalgo, Carmen
_960420
700 1 _aHenao Pérez, Juan Carlos
_939284
700 1 _aPalacio Barrientos, Juan David
_960421
700 1 _aPapayannis, Diego M.
_960422
710 2 _aInstituto de Responsabilidad Civil y del Estado (IARCE)
_960423
710 2 _aPontificia Universidad Javeriana
_93699
710 2 _aUniversidad Pontificia Bolivariana
_93823
942 _cLIBRO
_a8
_e1
_mR434
_2DEWEY
_h346.03
999 _c76832
_d76832